Learning Resource and Development

Elementary and intermediate algebra (Record no. 3622)

MARC details
000 -LEADER
fixed length control field 00693nam a22002297a 4500
005 - DATE AND TIME OF LATEST TRANSACTION
control field 20230512221854.0
008 - FIXED-LENGTH DATA ELEMENTS--GENERAL INFORMATION
fixed length control field 180424t xxu||||| |||| 00| 0 eng d
020 ## - INTERNATIONAL STANDARD BOOK NUMBER
International Standard Book Number 9780073309217
040 ## - CATALOGING SOURCE
Transcribing agency CSPC
082 0# - DEWEY DECIMAL CLASSIFICATION NUMBER
Classification number 512.9
Item number D879e
100 ## - MAIN ENTRY--PERSONAL NAME
Personal name Dugopolski, Mark
Relator term author.
245 00 - TITLE STATEMENT
Title Elementary and intermediate algebra
Statement of responsibility, etc. Mark Dugopolski
250 ## - EDITION STATEMENT
Edition statement 2nd
Remainder of edition statement Edition.
260 ## - PUBLICATION, DISTRIBUTION, ETC.
Place of publication, distribution, etc. Boston :
Name of publisher, distributor, etc. McGraw Hill Higher Education.
Date of publication, distribution, etc. 2006
300 ## - PHYSICAL DESCRIPTION
Extent 1232 pages :
Other physical details figures, images ;
Dimensions 26 cm.
500 ## - GENERAL NOTE
General note Includes Index.
650 10 - SUBJECT ADDED ENTRY--TOPICAL TERM
Topical term or geographic name entry element Algebra
General subdivision Textbooks.
940 ## - EQUIVALENCE OR CROSS-REFERENCE--UNIFORM TITLE [OBSOLETE] [CAN/MARC only]
Uniform title <a href="M">M</a>
942 ## - ADDED ENTRY ELEMENTS (KOHA)
Koha item type
-- CIR 512.9 D879e 2006
Holdings
Withdrawn status Lost status Damaged status Not for loan Home library Current library Shelving location Date acquired Total Checkouts Full call number Barcode Date last seen Copy number Price effective from Koha item type
        Main Library Main Library Circulation Section 05/12/2023   CIR 512.9 D879e 2006 014972 05/12/2023 1-1 05/12/2023 Books